Tư tưởng thượng tôn pháp luật trong văn hóa chính trị Việt nam hiện nay /

Αποθηκεύτηκε σε:
Λεπτομέρειες βιβλιογραφικής εγγραφής
Κύριος συγγραφέας: Nguyễn Ngọc H
Μορφή: Άρθρο
Γλώσσα:Vietnamese
Θέματα:
Ετικέτες: Προσθήκη ετικέτας
Δεν υπάρχουν, Καταχωρήστε ετικέτα πρώτοι!
Thư viện lưu trữ: Thư viện Trường Đại học Đà Lạt
LEADER 00780nam a2200253 4500
001 DLU140164209
005 ##20140918
040 # # |a DLU  |b vie 
041 # # |a vie 
044 # # |a vn 
100 # # |a Nguyễn Ngọc Hà 
245 # # |a Tư tưởng thượng tôn pháp luật trong văn hóa chính trị Việt nam hiện nay /  |c Nguyễn Ngọc Hà 
653 # # |a Pháp luật 
653 # # |a Văn hóa chính trị 
773 # # |t Tạp chí Khoa học Xã hội Việt Nam  |g Số 3(64), 2013, tr. 8-13 
920 # # |a Phòng Tạp chí -- Trung tâm Thông tin - Thư viện Trường Đại học Đà Lạt 
994 # # |a DLU 
900 # # |a True 
911 # # |a Nguyễn Thị Tưởng 
925 # # |a G 
926 # # |a A 
927 # # |a BB 
980 # # |a Thư viện Trường Đại học Đà Lạt